Organizational behavior. / (Record no. 8564)

MARC details
000 -LEADER
fixed length control field 01384nam a22002417a 4500
003 - CONTROL NUMBER IDENTIFIER
control field OSt
005 - DATE AND TIME OF LATEST TRANSACTION
control field 20220201123853.0
008 - FIXED-LENGTH DATA ELEMENTS--GENERAL INFORMATION
fixed length control field 140514b xxu||||| |||| 00| 0 eng d
010 ## - LIBRARY OF CONGRESS CONTROL NUMBER
LC control number 2007052438
020 ## - INTERNATIONAL STANDARD BOOK NUMBER
International Standard Book Number 9780136007173
020 ## - INTERNATIONAL STANDARD BOOK NUMBER
International Standard Book Number 0136007171
040 ## - CATALOGING SOURCE
Transcribing agency LC
050 ## - LIBRARY OF CONGRESS CALL NUMBER
Classification number HD58.7.R62
100 ## - MAIN ENTRY--PERSONAL NAME
Personal name Robbins, Stephen P.
245 ## - TITLE STATEMENT
Title Organizational behavior. /
Statement of responsibility, etc. Stephen P. Robbins and Tim A. Judge.
250 ## - EDITION STATEMENT
Edition statement 13th ed.
260 ## - PUBLICATION, DISTRIBUTION, ETC.
Place of publication, distribution, etc. Upper Saddle river, NJ. :
Name of publisher, distributor, etc. Pearson prentice hall,
Date of publication, distribution, etc. 2009.
300 ## - PHYSICAL DESCRIPTION
Extent 716 p. :
Other physical details ill. ;
Dimensions 28 cm.
500 ## - GENERAL NOTE
General note Includes indexes.
505 ## - FORMATTED CONTENTS NOTE
Formatted contents note Contents: 1: Introduction: What is organizational behavior? -- 2: The individual: Foundations of individual behavior -- Attitudes and job satisfactory -- Personality and values -- Perception and individual decision making -- Motivation concepts -- Motivation: from concepts to applications -- Emotions and moods -- 3: The group: Foundations of group behavior -- Understanding work teams -- Communication -- Basic approaches to Leadership -- Contemporary issues in leadership -- Power and politics -- Conflict and negotiation -- 4: The organization system: Foundations of organization structure -- Organizational culture -- Human resource policies and practice -- 5. Organizational dynamics: Organizational change and stress management --
700 ## - ADDED ENTRY--PERSONAL NAME
Personal name Judge, Timothy A.
942 ## - ADDED ENTRY ELEMENTS (KOHA)
Source of classification or shelving scheme Library of Congress Classification
Koha item type Books
Holdings
Withdrawn status Lost status Source of classification or shelving scheme Damaged status Not for loan Home library Current library Shelving location Date acquired Source of acquisition Total Checkouts Full call number Barcode Date last seen Price effective from Koha item type
    Library of Congress Classification     WISCONSIN INTERNATIONAL UNIVERSITY COLLEGE, GHANA KUMASI LIBRARY WISCONSIN INTERNATIONAL UNIVERSITY COLLEGE, GHANA KUMASI LIBRARY General Stacks 24/10/2019 WIUC   HD58.7.R62(13e) K/465/465/19 01/02/2022 01/02/2022 Books

If you have any concerns or questions; kindly contact the library


© Powered by WIUC ICT DIRECTORATE